Alternatívny prístup k obchodu - Fair Trade

História definícia a princípy Fair Trade. Smerovanie Fair Trade.

Uložené v:
Podrobná bibliografia
Hlavný autor: Pásztorová, Jana, 1960-
Ďalší autori: Škorvagová, Simona
Médium: Kapitola
Jazyk:Slovak
Predmet:
Tagy: Pridať tag
Žiadne tagy, Buďte prvý, kto otaguje tento záznam!

MARC

LEADER 00000nla$a2200000$$$4500
001 0130188
005 20240502072505.9
041 0 |a slo 
044 |a SK 
245 1 0 |a Alternatívny prístup k obchodu - Fair Trade  |c Jana Pásztorová, Simona Škorvagová 
520 |a História definícia a princípy Fair Trade. Smerovanie Fair Trade. 
610 2 0 |a obchod medzinárodný 
610 2 0 |a solidarita 
610 2 0 |a spravodlivosť 
100 1 |a Pásztorová, Jana, 1960- 
700 1 |a Škorvagová, Simona